00761nam a22002177a 4500003000500000005001700005008004100022010001000063011001000073035001000083040000900093082002400102110007400126245008600200260004400286300001800330490007600348650003100424650001600455830007200471CHAP20220329140005.0971013s1968 r 00010 d a45159 a46131 a50271 cCHAP a538.79725bU55 1967 aUniversidad Nacional Autónoma de México. Instituto de Geofísica aObservatorio magnético de Teoloyucanb: valores magnéticos para el año 1967 aMéxico, D.F. :bLa Universidad,c1968 a99 p.b; mapa aApéndice II de los Anales del Instituto de Geofísica, vol. 13, 196814aDeclinación magnética.14aMagnetismo.0 aApendice II de los Anales del Instituto de Geofisica, vol. 13, 1968